Địa lý tự nhiên các lục địa

Wedi'i Gadw mewn:
Manylion Llyfryddiaeth
Prif Awdur: Nguyễn Phi Hạnh
Fformat: Llyfr
Tagiau: Ychwanegu Tag
Dim Tagiau, Byddwch y cyntaf i dagio'r cofnod hwn!
Thư viện lưu trữ: Mạng thư viện Đại học Đà Nẵng
LEADER 00587nam a2200205 4500
001 000008840
003 5033
005 20150812140819.0
008 111021s sd
100 0 |a Nguyễn Phi Hạnh 
245 0 0 |a Địa lý tự nhiên các lục địa  |c Nguyễn Phi Hạnh 
774 |a Nguyễn Phi Hạnh  |d Giáo dục  |d H.  |d 1984  |g Tập 2  |h 255tr  |w 5036 
OWN |a LSP 
999 |a From the UDN01 
TYP |a Monograph 
TYP |a Printed language 
980 |a Mạng thư viện Đại học Đà Nẵng